| 000 | 00000nam##2200000za#4500 |
| 001 | 9.680277 |
| 003 | CaOODSP |
| 005 | 20200330063519 |
| 007 | ta |
| 008 | 150407|1997||||xxc||||| f|0| 0 fre|d |
| 020 | |a0-662-82468-7 |
| 040 | |aCaOODSP|bfre |
| 043 | |an-cn--- |
| 086 | 1 |aFs1-61/2-1997F |
| 110 | 1 |aCanada.|bMinistère des pêches et des océans.|bConseil pour la conservation des ressources halieutiques. |
| 245 | 10|aImpératifs de conservation des stocks de poisson de fond de la plate-forme Scotian et de la baie de Fundy |
| 260 | |aOttawa - Ontario : |bPêches et Océans Canada. |c1997. |
| 300 | |a55p. : |bfigures, graphiques, tableaux ; |c28 cm. |
| 563 | |aCouverture souple |
| 590 | |a98-46|b1998-11-13 |
| 775 | 08|t1998 conservation requirements for the Scotian Shelf and Bay of Fundy groundfish stocks |w(CaOODSP)9.646762 |
| 776 | 0#|tImpératifs de conservation du poisson de fond de la plate-forme Scotian et de la baie de Fundy en 1998 : |w(CaOODSP)9.640939 |
| 986 | |aFRCC 96.R.2 |